00656 2200241 4500001002100000005001700021008004100038035002400079040001200103082000800115090001300123245007800136250001100214260002800225300002400253500002500277500002700302650001200329700002600341700002000367850001200387990001500399YOGYA-0209000006967120090227093244.0 ind  0010-020900000069671 aYOPDYOG a570 a570bBio aBIOLOGI umumcIdjah Salmarwoto...[et.al.] ; editor, Soenarjo Sastrodinoto aCet. 7 aJakartabGramediac1990 a...jilbilusc21 cm aTermasuk bibliografi aYang diterima : Jil. 2 aBiologi asastrodinoto, Sunaryo aSumarwoto, Ijah aYOPDYOG a08A0036245